书目信息 |
| 题名: |
一次阅读知秦朝
|
|
| 作者: | 姜正成 编著 | |
| 分册: | ||
| 出版信息: | 北京 当代世界出版社 2015 |
|
| 页数: | 262页 | |
| 开本: | 23cm | |
| 丛书名: | ||
| 单 册: | ||
| 中图分类: | K233.09 | |
| 科图分类: | ||
| 主题词: | 秦代--qin dai--历史--通俗读物 | |
| 电子资源: | ||
| ISBN: | 978-7-5090-1034-1 | |
| 000 | 00880nam0 22002411 450 | |
| 001 | 1730326230 | |
| 005 | 20170525101531.0 | |
| 010 | @a978-7-5090-1034-1@dCNY36.00 | |
| 100 | @a20160405d2015 em y0chiy50 ea | |
| 101 | 0 | @achi |
| 102 | @aCN@b110000 | |
| 105 | @aab z 000yy | |
| 106 | @ar | |
| 200 | 1 | @a一次阅读知秦朝@Ayi ci yue du zhi qin chao@f姜正成编著 |
| 210 | @a北京@c当代世界出版社@d2015 | |
| 215 | @a262页@c图,地图@d23cm | |
| 300 | @a“轻松读史”系列 | |
| 330 | @a本书涉及了秦朝的重要事件、人物,并详细介绍了这一时期的政治、经济、文化、科学技术等方方面面。内容包括:秦国的兴起、秦穆公称霸春秋、改革变法的商鞅、合纵连横、辩士与政客——范睢、养士之风与客卿制度等。 | |
| 606 | 0 | @a秦代@Aqin dai@x历史@j通俗读物 |
| 690 | @aK233.09@v5 | |
| 701 | 0 | @a姜正成@Ajiang zheng cheng@f(1955~)@4编著 |
| 801 | 0 | @aCN@bTANG WEI@c20170523 |
| 905 | @b0969493-7@dK233.09@e63@f5 | |
| 一次阅读知秦朝/姜正成编著.-北京:当代世界出版社,2015 |
| 262页:图,地图;23cm |
| “轻松读史”系列 |
| ISBN 978-7-5090-1034-1:CNY36.00 |
| 本书涉及了秦朝的重要事件、人物,并详细介绍了这一时期的政治、经济、文化、科学技术等方方面面。内容包括:秦国的兴起、秦穆公称霸春秋、改革变法的商鞅、合纵连横、辩士与政客——范睢、养士之风与客卿制度等。 |
| ● |
| 相关链接 |
|
|
|
|
正题名:一次阅读知秦朝
索取号:K233.09/63
 
预约/预借
| 序号 | 登录号 | 条形码 | 馆藏地/架位号 | 状态 | 备注 |
| 1 | 0969493 | 209694936 | 第二样本阅览室/ [索取号:K233.09/63] | 在馆 | |
| 2 | 0969494 | 209694945 | 第二借阅区/ [索取号:K233.09/63] | 在馆 | |
| 3 | 0969495 | 209694954 | 第二借阅区/ [索取号:K233.09/63] | 在馆 | |
| 4 | 0969496 | 209694963 | 第二借阅区/ [索取号:K233.09/63] | 在馆 | |
| 5 | 0969497 | 209694972 | 第二借阅区/ [索取号:K233.09/63] | 在馆 |